[Event "ITT Vicente Lopez"]
[Site "Villa Martelli"]
[Date "2006.07.30"]
[Round "7"]
[White "COMP ZAP!Chess"]
[Black "Ripari, Daniel"]
[Result "1-0"]
[WhiteElo "2600"]
[BlackElo "2341"]
[Annotator "Roberto G Alvarez"]
[PlyCount "67"]
[EventDate "2006.07.24"]

1. e4 c5 2. Nf3 e6 3. c4 Nc6 4. Nc3 Nf6 5. d4 cxd4 6. Nxd4 d6 7. Be3 (7. Be2
Be7 8. O-O O-O 9. Nc2 a6 10. b3 b6 11. Bb2 Bb7 12. Qe1 Ne5 13. f3 Ng6 14. Kh1
d5 $1 15. cxd5 exd5 16. exd5 Re8 17. Rd1 Qc7 18. Nd4 Bf8 19. Qd2 b5 20. Nf5
Rad8 21. d6 Qc8 22. Bd3 Bxd6 23. Nxd6 Rxd6 24. Qf2 Red8 $11 {
Padevsky,N-Andersson,U/Sverige (m/4) 21/(409) 1976 (24)}) 7... Be7 8. Nxc6 $146
(8. Be2 $142 O-O 9. Nc2 (9. O-O Bd7 10. Qd2 a6 11. f3 Qb8 $5 {[/\ Nd4, b5]} 12.
Nb3 $146 b6 13. Rfd1 Rc8 14. Kh1 (14. f4 $1 Be8 $5 (14... b5 $2 15. cxb5 axb5
16. Bxb5 Nxe4 17. Nxe4 Qxb5 18. Nxd6 $16)) 14... Ne5 15. Bf4 b5 16. c5 $2 (16.
cxb5 axb5 17. a3 $11) 16... dxc5 17. Bxe5 Qxe5 18. f4 Qc7 19. e5 Nd5 20. Nxd5
exd5 21. Qxd5 Bc6 22. Qd2 Rd8 23. Qc3 g6 $17 {
Gallagher,J-Plaskett,J/Birmingham 80/(195) 2000/[Plaskett,J] (23)}) 9... Qc7
10. Qd2 Bd7 11. f4 a6 12. O-O Rac8 13. Bf2 Na5 14. Ne3 Rfd8 15. Rad1 b5 16.
cxb5 axb5 17. Bxb5 Nxe4 18. Nxe4 Bxb5 19. Rfe1 d5 20. Ng3 Nc6 21. Nc2 Bf6 22.
Nd4 Nxd4 23. Bxd4 Bxd4+ 24. Qxd4 Qc4 25. Qe5 g6 26. a3 Qc5+ 27. Kh1 d4 28. Ne4
Qxe5 29. fxe5 Rc2 30. Rd2 d3 31. Red1 Rxd2 32. Rxd2 Bc6 33. Nd6 Rb8 34. Kg1 {
1-0 Jagodzinska,H-Dworaczek,I/Poland 1978/EXT 98 (34)}) 8... bxc6 9. Be2 O-O
10. O-O d5 11. exd5 exd5 12. cxd5 Nxd5 13. Nxd5 cxd5 14. Rc1 Qa5 15. Bd4 Be6
16. Bd3 Rfc8 17. a3 Rxc1 18. Qxc1 Rc8 19. Qe3 Qa4 20. b4 a5 (20... Qxa3 $4 21.
Bxh7+) 21. f4 Bf8 22. f5 Bd7 23. Qg5 h6 24. Qg3 Kh8 25. f6 g5 26. Bb1 Qb5 27.
bxa5 Bc5 (27... Qc4 28. Qd3 Qxd4+ 29. Qxd4 Bc5 30. Qxc5 (30. Qf2 Bxf2+ 31. Rxf2
) 30... Rxc5) 28. Bxc5 Qxc5+ 29. Kh1 Qc3 30. Qd6 Be6 31. a6 Qxf6 32. Bd3 Qd4 {#
} 33. Rxf7 $1 Rc1+ (33... Bxf7 34. Qxh6+ Kg8 35. Bh7+ Kh8 36. Bg6+ Kg8 37. Qh7+
Kf8 38. Qxf7#) 34. Bf1 (34. Bf1 Bxf7 35. Qxh6+ Kg8 36. Qxg5+ Qg7 37. Qxc1 $18)
1-0

[Event "ITT Vicente Lopez"]
[Site "Villa Martelli"]
[Date "2006.07.30"]
[Round "7"]
[White "Cubas, Jose Fernando"]
[Black "Shcherbine, Andrei"]
[Result "0-1"]
[WhiteElo "2421"]
[BlackElo "2261"]
[PlyCount "60"]
[EventDate "2006.07.24"]

1. e4 c5 2. Nf3 Nc6 3. d4 cxd4 4. Nxd4 g6 5. Nc3 Bg7 6. Nb3 Nf6 7. g3 d6 8. Bg2
O-O 9. h3 a6 10. O-O e5 11. Bg5 Be6 12. Qd2 Qd7 13. Kh2 Ne8 14. Rfd1 f6 15. Be3
Qf7 16. Nd5 Bxd5 17. exd5 Ne7 18. c4 f5 19. f4 g5 20. fxe5 f4 21. e6 Qh5 22.
Bd4 fxg3+ 23. Kg1 Ng6 24. c5 Bxd4+ 25. Nxd4 Rf2 26. Qe3 (26. Qc3) 26... Nf4 27.
Rd2 Nxg2 28. Qxg3 Rxd2 29. Nf5 Nf4 30. Ne7+ Kf8 0-1